Extractos de las Juntas Generales celebradas por la Real Sociedad Bascongada de los amigos del pais en la ciudad de Vitoria por agosto de 1789

Detalles Bibliográficos
Formato: Libro
Lenguaje:Undetermined
Spanish
Publicado: en Vitoria : por Baltasar de Manteli, 1789.
Materias:
Colección:Banco de datos
Acervo:Biblioteca Palafoxiana. Colección bibliográfica
Descripción Física:92, 100 p. ; 4°
Tema general:Historia civil
Notas:Sello en tinta: Biblioteca Pública Palafoxiana. Falta encuadernación. Número de localización: 31317
LEADER 00653nam a2200157Ia 4500
008 150723s9999 xx 000 0 und d
041 0 |a spa 
050 0 |a PAFX D20 E9 
245 1 0 |a Extractos de las Juntas Generales celebradas por la Real Sociedad Bascongada de los amigos del pais en la ciudad de Vitoria por agosto de 1789 
260 |a en Vitoria : por Baltasar de Manteli, 1789. 
300 |a 92, 100 p. ; 4° 
500 |a Sello en tinta: Biblioteca Pública Palafoxiana. Falta encuadernación. Número de localización: 31317 
650 1 0 |a Historia civil 
942 |c PALALIB 
943 |g Biblioteca Palafoxiana. Colección bibliográfica 
999 |c 1051483  |d 1051483